Catálogo
 En Linea

Vértice : (Registro nro. 30821)

Detalles MARC
000 -CABECERA
campo de control de longitud fija 00650nam a2200181 a 4500
001 - NÚMERO DE CONTROL
campo de control 000031329
005 - FECHA Y HORA DE LA ÚLTIMA TRANSACCIÓN
campo de control 20200930062844.0
008 - DATOS DE LONGITUD FIJA--INFORMACIÓN GENERAL
campo de control de longitud fija 110620s194? dr 000 spa d
040 ## - FUENTE DE LA CATALOGACIÓN
Centro catalogador/agencia de origen DO-SdBNP
Lengua de catalogación spa
Centro/agencia transcriptor BNPHU
082 ## - NÚMERO DE LA CLASIFICACIÓN DECIMAL DEWEY
Número de clasificación xxxx
Número de documento/Ítem P438v
049 ## - FONDOS LOCALES (OCLC)
Fondos de biblioteca BNPD
100 1# - ENTRADA PRINCIPAL--NOMBRE DE PERSONA
Nombre de persona Pérez Ortíz, R.
Forma completa/desarrollada del nombre Ramón Pérez Ortíz
9 (RLIN) 57773
245 10 - MENCIÓN DE TÍTULO
Título Vértice :
Resto del título Trujillo-Rooservelt-Vincent el Faro de Colón y la confraternidad americana /
Mención de responsabilidad, etc. R. Pérez Ortíz.
250 ## - MENCIÓN DE EDICIÓN
Mención de edición 2da ed.
260 ## - PUBLICACIÓN, DISTRIBUCIÓN, ETC.
Lugar de publicación, distribución, etc. Ciudad Trujillo, República Dominicana :
Nombre del editor, distribuidor, etc. Imp. Femina,
Fecha de publicación, distribución, etc. [194?].
300 ## - DESCRIPCIÓN FÍSICA
Extensión 95 p. ;
Dimensiones 18 cm.
500 ## - NOTA GENERAL
Nota general Como le juzgan diversos periódicos y personalidades extranjeros
Existencias
Estado de retiro Estado de pérdida Restricciones de uso No para préstamo Código de colección Localización permanente Ubicación/localización actual Ubicación en estantería Fecha de adquisición Número de inventario Total de préstamos Signatura topográfica completa Código de barras Fecha visto por última vez Número de copia Precio válido a partir de Tipo de ítem Koha Nota pública
        Raros y valiosos General General En catalogación 01.07.2011 LF1   xxxx P438v 31329-30 25.06.2020 e. 3 25.06.2020 Préstamo en sala  
        Raros y valiosos General General En catalogación 01.07.2011 LF1   xxxx P438v 31329-40 25.06.2020 e. 4 25.06.2020 Préstamo en sala  
      Excluido de préstamo Raros y valiosos Patrimonio Dominicano Patrimonio Dominicano Depósito 20.06.2011 LF1   xxxx P438v 31329-10 25.06.2020   25.06.2020 No se presta Perteneció a la biblioteca personal de Julio Ortega Frier.
      Excluido de préstamo Raros y valiosos Patrimonio Dominicano Patrimonio Dominicano En catalogación 20.06.2011 LF1   xxxx P438v 31329-20 25.06.2020 e. 2 25.06.2020 No se presta Perteneció a la biblioteca personal de Martínez Boog.

Con tecnología Koha